000 00268nam a2200109Ia 4500
008 220204s9999 xx 000 0 und d
082 _a001:65
_bHAR
100 _aHarjinder Singh
245 0 _aManagerial aptitude tests
260 _aNew Delhi
_bVarma
_c1977
942 _cBK
999 _c29471
_d29471